Statistics for Roblox Games

Click here to take the quiz!

General Stats

  • This quiz has been taken 104 times
  • The average score is 5 of 15

Answer Stats

HintsAnswer% Correct
Most popular Prison game on ROBLOXJailbreak
95%
Most Visited game on ROBLOXAdopt Me!
90%
This game Costs 25 robuxBloxburg
83%
Most Popular First Person Shooter on ROBLOXPhantom Forces
36%
Most Played Simulator Game On RobloxBee Swarm Simulator
29%
Most Ghetto game on ROBLOX pt 2Da Hood
27%
Most Blown Up Game of 2020Piggy
20%
Two very popular games by Rumble Studios pt 1Bubble Gum Simulator
19%
Game now Banned But was the best game on ROBLOXPokemon Brick Bronze
19%
Two very popular games made by Rumble Studios pt2Mining Simulator
17%
Most Popular Game On ROBLOX 5 years agoPrison Life
15%
Original Most Popular Simulator on Roblox (Game Now Banned)Weight Lifting Simulator 3
11%
Game that lets you play classic ROBLOX gamesSuper Nostalgia Zone
10%
Most ghetto Game On ROBLOXThe Streets
10%
Most Blown Up Game of 2019Ninja Legends
7%

Score Distribution

Percentile by Number Answered

Percent of People with Each Score

Your Score History

You have not taken this quiz